LEADER 01374nam a2200289 4500 001 000000356383 003 CaOOAMICUS 005 20240326141242.0 008 231211s2011 it a 000 u ita r 020 $a978-88-6550-041-5 040 $aSeMil$bita 100 1 $aGiustiniani, Giulio,$d<1952-2022>.$0(OLS)http://semarc/name/118786 245 13$aIl sangue è acqua :$bil doge, il santo, l'avventuriero, il principe dei mongoli e altri parenti /$cGiulio Giustiniani. 264 1$aLucca :$bPacini Fazzi,$c2011. 300 $a380 p. :$bill. ;$c21 cm 490 1 $aLa rosa ;$v14 541 0 $aOmaggio mons. Mario Delpini (3J II 470) 650 4$aGiustiniani, Giulio <1952-2022> - Memorie.$0(OLS)http://semarc/subject/54966 830 3$aLa rosa ;$v14.$0(OLS)http://semarc/title/44677 850 $aSeMil 852 $aSeMil$W1$xVenegono$y1$m3J II 470$j247039$B247552$CSeMilBibl$Z2$F247552 $81 941 1 $a7 961 $aOmaggio mons. Mario Delpini. ? Con dedica autografa (Barbara Villari) a mons. Mario Delpini (novembre 2023) 996 $6020$a978-88-6550-041-5$9(OLS)http://semarc/number/299451 996 $6245$aIl sangue è acqua :$bil doge, il santo, l'avventuriero, il principe dei mongoli e altri parenti$9(OLS)http://semarc/title/446649 996 $6264$aLucca :$bPacini Fazzi$9(OLS)http://semarc/publisher/30857 LEADER 00958nam a2200229 i 4500 001 000000062018 003 CaOOAMICUS 005 20071119000000.0 008 071119s1997 it u000 u ita u 013 $a33190 040 $aSeMil$bita 100 1 $aMauriac, François,$d<1885-1970>.$0(OLS)http://semarc/name/8852 245 13$aLa farisea /$cFrançois Mauriac ; traduzione di Enrico Piceni. 260 $a[S.l.] :$bFamiglia Cristiana,$cstampa 1997$e([Italia] :$fArnoldo Mondadori Editore,$gstampa 1997) 300 $aIX, 198 p. ;$c21 cm. 500 $aSupplemento a Famiglia Cristiana n°2 del 21 gennaio 1998. 700 1 $aPiceni, Enrico.$0(OLS)http://semarc/name/31487 850 $aSeMil 852 $aSeMil$W1$xVenegono$y1$m1W III 192$j246453$B28171$CSeMilBibl$Z2$F28174 $81 961 $aOmaggio: Donazione 996 $6245$aLa farisea$9(OLS)http://semarc/title/97580 996 $6260$a[S.l.] :$bFamiglia Cristiana$9(OLS)http://semarc/publisher/33580